header

The Republic of St. Peter (Record no. 228987)

MARC details
000 -LEADER
fixed length control field 01497nam a2200385 a 4500
082 04 - DEWEY DECIMAL CLASSIFICATION NUMBER
Classification number 945/.6
100 1# - MAIN ENTRY--AUTHOR NAME
Personal name Noble, Thomas F. X.
245 14 - TITLE STATEMENT
Title The Republic of St. Peter
260 ## - PUBLICATION, DISTRIBUTION, ETC. (IMPRINT)
Place of publication Philadelphia [Pa.] :
Name of publisher University of Pennsylvania Press,
Year of publication c1984.
300 ## - PHYSICAL DESCRIPTION
Number of Pages xxix, 374 p., [5] p. of plates :
Other physical details ill., maps.
490 1# - SERIES STATEMENT
Series statement The Middle Ages
500 ## - GENERAL NOTE
General note 2nd paperback printing, 1991.
650 #0 - SUBJECT ADDED ENTRY--TOPICAL TERM
Topical Term Church history
856 40 - ELECTRONIC LOCATION AND ACCESS
Uniform Resource Identifier http://site.ebrary.com/lib/rucke/Doc?id=10491936

No items available.

© 2026 Rongo University
Contact us: librarian | system librarian | Rongo university